|
|
|
|
| LEADER |
00000nab a2200000 a 4500 |
| 001 |
vtls000591648 |
| 003 |
SK-MaSNL |
| 005 |
20260304094915.0 |
| 008 |
250425c1996 xo 0 slo |
| 015 |
|
|
|a SNBRB19rr/mm-uuuuu
|
| 035 |
|
|
|a CL0591787
|
| 035 |
|
|
|a urn:nbn:sk:snk-abffs
|
| 035 |
|
|
|a (urnnbn)urn:nbn:sk:snk:ar-a03f7x
|
| 035 |
|
|
|a (uuid)a1c3e6c3-40ed-4612-9bed-07750e22a054
|
| 040 |
|
|
|a SNKBUCL
|b slo
|c SNKBUCL
|e AACR2
|
| 041 |
0 |
|
|a slo
|
| 044 |
|
|
|a xo
|c SK
|
| 080 |
|
|
|a 616.1
|2 1981
|
| 100 |
1 |
|
|a Cagáň, Stanislav,
|d 1932-2006
|4 aut
|9 14086
|
| 245 |
1 |
0 |
|a Audit diagnostického a terapeutického postupu u chorých s akútnymi koronárnymi syndrómami v predhospitalizačnej a nemocničnej fáze
|b Informácia o projekte MZ SR
|c Stanislav Cagáň, S. Filipová, R. Jančovič
|
| 300 |
|
|
|b Tab. 1
|
| 650 |
0 |
7 |
|a kardiovaskulárne choroby
|2 snkbucl
|9 2500
|
| 655 |
|
7 |
|a články z novín a časopisov
|2 snkbucl
|9 267496
|
| 700 |
1 |
|
|a Filipová, S.
|4 aut
|9 782620
|
| 700 |
1 |
|
|a Jančovič, R.
|4 aut
|9 1197841
|
| 773 |
0 |
|
|t Bratislavské lekárske listy
|g Roč. 97, č. 7 (1996), s. 379-381
|x 0006-9248
|
| 850 |
|
|
|a Slovenská národná knižnica
|
| 852 |
|
|
|a Slovenská národná knižnica
|
| 954 |
|
|
|a odborná, vedecká literatúra pôvodná (slovenská)
|2 lita
|
| 958 |
|
|
|a article27
|
| 958 |
|
|
|a RK
|
| 958 |
|
|
|a MI
|
| 958 |
|
|
|a OND
|
| 958 |
|
|
|a EUIPO
|
| 992 |
|
|
|a RBX
|
| 999 |
|
|
|c 2829600
|d 2831530
|